Guess the song _ Eurovision 2013 #2 - Statistics

General Stats
  • This quiz has been taken 7 times
  • The average score is 6 of 15
Answer Stats
Lyrics Title of the song % Correct
How many times do we have to fight? How many times till we get it right between us? Only teardrops
80%
Falling down the rooftops Out of the sky like raindrops No air, no pride Birds
60%
Þegar móti mér blæs Yfir fjöllin há ég klíf Ég á líf
60%
E mentre il mondo cade a pezzi Io compongo nuovi spazi e desideri che L'essenziale
60%
What if we chose to bury our guns What if
60%
Que a través del universo Tú me invitas a viajar Contigo hasta el final
40%
Iga löpp ei ole muud kui algus uus On vaja ööd, et päev tooks valguse Et uus saaks alguse
40%
If it's only for this moment in time Now I´m yours and your mine Hold me
40%
Jer mi smo stvoreni za to Vodim te, vodim te, pođi za mnom ti Igranka
40%
We were meant to be together I'll give my life to you It's my life
40%
Isn't it crazy, yeah isn't it crazy It's all because of you You
40%
And when the stars are aligned You got to make love your state of mind Only love survives
20%
If you don’t know, I’m in love with you When summertime falls, it becomes untrue Something
20%
We'll break through the dark And light the world up from the sky when we collide Straight into love
20%
Let it hear from near and far This is how it's meant to be You and me
20%
No matching quizzes found
Score Distribution
Percent of People with Each Score
Percentile by Number Answered
Your Score History
You have not taken this quiz